Journal of the Association for Consumer Research (Record no. 82938)
[ view plain ]
| 000 -LEADER | |
|---|---|
| fixed length control field | 00388nam a22001457a 4500 |
| 003 - CONTROL NUMBER IDENTIFIER | |
| control field | URS |
| 005 - DATE AND TIME OF LATEST TRANSACTION | |
| control field | 20250602181227.0 |
| 008 - FIXED-LENGTH DATA ELEMENTS--GENERAL INFORMATION | |
| fixed length control field | 250602b |||||||| |||| 00| 0 eng d |
| 022 ## - INTERNATIONAL STANDARD SERIAL NUMBER | |
| International Standard Serial Number | 2378-1815 |
| 040 ## - CATALOGING SOURCE | |
| Transcribing agency | URS |
| 245 ## - TITLE STATEMENT | |
| Title | Journal of the Association for Consumer Research |
| 264 ## - PRODUCTION, PUBLICATION, DISTRIBUTION, MANUFACTURE, AND COPYRIGHT NOTICE | |
| Place of production, publication, distribution, manufacture | Chicago: |
| Name of producer, publisher, distributor, manufacturer | The University of Chicago Press, |
| Date of production, publication, distribution, manufacture, or copyright notice | 2024 |
| 650 ## - SUBJECT ADDED ENTRY--TOPICAL TERM | |
| Source of heading or term | Consumer Behavior. |
| 942 ## - ADDED ENTRY ELEMENTS (KOHA) | |
| Source of classification or shelving scheme | Dewey Decimal Classification |
| Koha item type | Continuing Resources |
| Withdrawn status | Source of classification or shelving scheme | Damaged status | Not for loan | Home library | Current library | Shelving location | Date acquired | Serial Enumeration / chronology | Total Checkouts | Barcode | Date last seen | Price effective from | Koha item type |
|---|---|---|---|---|---|---|---|---|---|---|---|---|---|
| Library of Congress Classification | Binangonan College Library | Binangonan College Library | Periodicals | 06/02/2025 | Vol 9, No. 3 (July 2024) | BIN-23781815-9-3 | 06/02/2025 | 06/02/2025 | Continuing Resources | ||||
| Library of Congress Classification | Binangonan College Library | Binangonan College Library | Periodicals | 06/02/2025 | Vol 9, No. 1 (January 2023) | BIN-23781815-9-1 | 06/02/2025 | 06/02/2025 | Continuing Resources | ||||
| Dewey Decimal Classification | Not For Loan | Pililla College Library | Pililla College Library | Periodicals | 06/02/2025 | Vol 9, No. 2 (April 2024) | BIN-23781815-9-2 | 06/02/2025 | 06/02/2025 | Continuing Resources | |||
| Dewey Decimal Classification | Not For Loan | Binangonan College Library | Pililla College Library | Periodicals | 06/02/2025 | Vol 9, No. 4 (October 2024) | PIL-23781815-9-1 | 10/02/2025 | 06/02/2025 | Continuing Resources |